[Event "Madrid-ch Veteranos 2016/2017"]
[Site "Madrid ESP"]
[Date "2017.01.16"]
[Round "6.15"]
[White "Rodriguez Bachiller, Luis"]
[Black "Martin Rodriguez, Emilio"]
[Result "0-1"]
[WhiteElo "1657"]
[BlackElo "2056"]
[PlyCount "74"]
[EventDate "2017.01.09"]
[EventType "swiss"]
[EventRounds "9"]
[EventCountry "ESP"]
[SourceTitle "Ajedrez en Madrid"]
[Source "lmi"]
[SourceDate "2017.01.09"]

1. Nf3 d5 2. c4 c6 3. g3 Nf6 4. Bg2 g6 5. b3 Bg7 6. Bb2 O-O 7. O-O a5 8. Nc3
Nbd7 9. d4 e6 10. Qc2 Re8 11. Rad1 b6 12. e4 dxc4 13. bxc4 Qc7 14. Rfe1 e5 15.
d5 Ba6 16. d6 Qb8 17. Na4 Bf8 18. c5 bxc5 19. Nxc5 Nxc5 20. Nxe5 Rxe5 21. Bxe5
Ncd7 22. Bxf6 Nxf6 23. e5 Nd5 24. Rb1 Qe8 25. Bxd5 cxd5 26. f4 Bc4 27. f5 Qd7
28. g4 gxf5 29. gxf5 f6 30. Qg2+ Kh8 31. Rbc1 Rc8 32. Rxc4 dxc4 33. exf6 Bxd6
34. Qe4 Bb4 35. Rc1 c3 36. Qe6 Rg8+ 37. Kf1 Qd3+ 0-1

[Event "Madrid-ch Veteranos 2016/2017"]
[Site "Madrid ESP"]
[Date "2017.01.16"]
[Round "6.16"]
[White "Fernandez Garcia, Ignacio"]
[Black "Rueda Maria, Ramiro"]
[Result "1/2-1/2"]
[WhiteElo "1833"]
[BlackElo "1860"]
[PlyCount "79"]
[EventDate "2017.01.09"]
[EventType "swiss"]
[EventRounds "9"]
[EventCountry "ESP"]
[SourceTitle "Ajedrez en Madrid"]
[Source "lmi"]
[SourceDate "2017.01.09"]

1. e4 e5 2. Nf3 Nf6 3. Nc3 Nc6 4. Bc4 Bc5 5. d3 h6 6. h3 d6 7. Be3 Bb6 8. Qe2
Bd7 9. O-O-O Qe7 10. d4 exd4 11. Bxd4 Nxd4 12. Nxd4 O-O-O 13. Rhe1 Qe5 14. Nf3
Qf4+ 15. Kb1 h5 16. Bxf7 Nxe4 17. Nd5 Qxf7 18. Nxb6+ axb6 19. Qxe4 Bc6 20. Qe7
Rhf8 21. Ng5 Qxe7 22. Rxe7 Rxf2 23. Ne6 Re8 24. Rxe8+ Bxe8 25. g4 hxg4 26. hxg4
Bd7 27. Nxg7 Bxg4 28. Rg1 Bf5 29. Nxf5 Rxf5 30. b3 Kd7 31. Kb2 b5 32. a3 c5 33.
Rg4 Kc6 34. Rh4 Rf6 35. Rh8 d5 36. b4 b6 37. bxc5 bxc5 38. Rc8+ Kb6 39. Rb8+
Ka6 40. Rc8 1/2-1/2

[Event "Madrid-ch Veteranos 2016/2017"]
[Site "Madrid ESP"]
[Date "2017.01.16"]
[Round "6.17"]
[White "Garcia Martin, Esteban"]
[Black "Lopez Orellana, Federico"]
[Result "1-0"]
[WhiteElo "1855"]
[BlackElo "1756"]
[PlyCount "95"]
[EventDate "2017.01.09"]
[EventType "swiss"]
[EventRounds "9"]
[EventCountry "ESP"]
[SourceTitle "Ajedrez en Madrid"]
[Source "lmi"]
[SourceDate "2017.01.09"]

1. c4 e5 2. Nc3 d6 3. g3 Nf6 4. Bg2 c6 5. e4 Be7 6. Nge2 a5 7. O-O O-O 8. h3
Nbd7 9. d4 Qc7 10. b3 Re8 11. Be3 Bf8 12. Qc2 b6 13. Kh2 Bb7 14. Rac1 Qd8 15.
Rfe1 g6 16. Rcd1 Qe7 17. f4 Rad8 18. dxe5 dxe5 19. fxe5 Nxe5 20. Bxb6 Rxd1 21.
Rxd1 Nh5 22. Be3 Bc8 23. Nf4 Nf6 24. Bf2 g5 25. Nd3 Ng6 26. Rf1 Nh5 27. Qe2 Ng7
28. Bc5 Qc7 29. Bxf8 Rxf8 30. Qe3 h6 31. Kh1 Nh5 32. Ne2 Be6 33. Qf3 Ng7 34.
Nd4 Qd6 35. Nf5 Bxf5 36. exf5 Ne5 37. Nxe5 Qxe5 38. Kh2 c5 39. f6 Ne6 40. Qh5
Kh7 41. Qg4 Rd8 42. Qe4+ Qxe4 43. Bxe4+ Kg8 44. Bd5 Nd4 45. Re1 Kf8 46. Re7 Nf5
47. Rxf7+ Ke8 48. Rh7 1-0

[Event "Madrid-ch Veteranos 2016/2017"]
[Site "Madrid ESP"]
[Date "2017.01.16"]
[Round "6.19"]
[White "Alvarez Escudero, Manuel"]
[Black "Osuna Osuna, Francisco"]
[Result "1-0"]
[WhiteElo "1782"]
[BlackElo "1488"]
[PlyCount "77"]
[EventDate "2017.01.09"]
[EventType "swiss"]
[EventRounds "9"]
[EventCountry "ESP"]
[SourceTitle "Ajedrez en Madrid"]
[Source "lmi"]
[SourceDate "2017.01.09"]

1. e4 d5 2. exd5 Qxd5 3. Nc3 Qa5 4. d3 Nf6 5. Bd2 Nc6 6. Nf3 Bg4 7. Be2 O-O-O
8. h3 Bxf3 9. Bxf3 e6 10. O-O Bb4 11. Bxc6 bxc6 12. a3 Bxc3 13. Bxc3 Qf5 14.
Re1 Rd5 15. Re3 Ne4 16. Rxe4 Qg6 17. Rg4 Rg5 18. Rxg5 Qxg5 19. Qf3 f6 20. Qxc6
Qd5 21. Qa6+ Kb8 22. Re1 e5 23. Re4 Ka8 24. Rc4 c5 25. Bb4 Qb7 26. Qxb7+ Kxb7
27. Bxc5 Rd8 28. f4 exf4 29. Rxf4 a6 30. b4 Kc6 31. Rd4 Re8 32. Rd6+ Kb7 33.
Kf2 Re5 34. Rd7+ Kc6 35. Rxg7 Rf5+ 36. Ke2 Re5+ 37. Kd2 Rf5 38. c4 Rf1 39. d4
1-0

[Event "Madrid-ch Veteranos 2016/2017"]
[Site "Madrid ESP"]
[Date "2017.01.16"]
[Round "6.20"]
[White "Beekhof Harmsen, Willen"]
[Black "Martin-Consuegra Barrilero, Francisco Javier"]
[Result "0-1"]
[WhiteElo "1555"]
[BlackElo "1855"]
[PlyCount "86"]
[EventDate "2017.01.09"]
[EventType "swiss"]
[EventRounds "9"]
[EventCountry "ESP"]
[SourceTitle "Ajedrez en Madrid"]
[Source "lmi"]
[SourceDate "2017.01.09"]

1. Nf3 Nf6 2. b3 d6 3. g3 e5 4. Bg2 Be7 5. d3 c6 6. Bb2 Nbd7 7. O-O O-O 8. Nbd2
Re8 9. Re1 Qc7 10. c4 Nf8 11. Rc1 Ng6 12. Ng5 Bd7 13. Nge4 Nxe4 14. Nxe4 f5 15.
Nd2 Rad8 16. d4 Bf6 17. e3 Qb8 18. d5 c5 19. h4 Qc8 20. h5 Nh8 21. Bh3 Nf7 22.
e4 Ng5 23. Bg2 f4 24. gxf4 exf4 25. e5 dxe5 26. Ne4 Nf7 27. Nxf6+ gxf6 28. Rc3
Nd6 29. Qf3 Bg4 30. Bh3 Bxf3 31. Bxc8 Bxh5 32. Rh3 Rxc8 33. Rxh5 Re7 34. f3
Rg7+ 35. Kf2 Re8 36. Reh1 Ree7 37. Ba3 b6 38. b4 Nxc4 39. bxc5 Nxa3 40. d6 Rd7
41. Rxh7 bxc5 42. Rh8+ Kf7 43. R1h7 Ke6 0-1

[Event "Madrid-ch Veteranos 2016/2017"]
[Site "Madrid ESP"]
[Date "2017.01.16"]
[Round "6.21"]
[White "Hernandez Gutierrez, Jose"]
[Black "Ghavami, Mahmoud"]
[Result "1-0"]
[WhiteElo "1816"]
[BlackElo "1566"]
[PlyCount "87"]
[EventDate "2017.01.09"]
[EventType "swiss"]
[EventRounds "9"]
[EventCountry "ESP"]
[SourceTitle "Ajedrez en Madrid"]
[Source "lmi"]
[SourceDate "2017.01.09"]

1. d4 d5 2. c4 c6 3. Nf3 Nf6 4. e3 e6 5. b3 Bd6 6. Bb2 Nbd7 7. Bd3 O-O 8. O-O
Re8 9. Ne5 Nf8 10. Nd2 N6d7 11. f4 f5 12. g4 Nf6 13. gxf5 exf5 14. Qf3 Re7 15.
Qh3 g6 16. cxd5 cxd5 17. Ndf3 Rg7 18. Kh1 b6 19. Nc6 Qe8 20. Nfe5 Bxe5 21. Nxe5
a5 22. Rac1 Ba6 23. Bxa6 Rxa6 24. Rc6 Ne4 25. Qh6 Raa7 26. Rfc1 Nf2+ 27. Kg2
Ng4 28. Qh3 g5 29. Rc8 Qb5 30. Rxf8+ Kxf8 31. Rc8+ Ke7 32. Ba3+ Kf6 33. Rc6+
Qxc6 34. Nxc6 Rac7 35. fxg5+ Rxg5 36. Be7+ Rxe7 37. Nxe7 Kxe7 38. Qxh7+ Kf6 39.
Qh8+ Rg7 40. Qf8+ Kg6 41. Qd6+ Kh5 42. Kf3 Rg6 43. Qxd5 Nxh2+ 44. Kf2 1-0

[Event "Madrid-ch Veteranos 2016/2017"]
[Site "Madrid ESP"]
[Date "2017.01.16"]
[Round "6.22"]
[White "Lopez Peral, Enrique"]
[Black "Suarez Mencia, Roberto"]
[Result "0-1"]
[WhiteElo "1764"]
[BlackElo "1433"]
[PlyCount "68"]
[EventDate "2017.01.09"]
[EventType "swiss"]
[EventRounds "9"]
[EventCountry "ESP"]
[SourceTitle "Ajedrez en Madrid"]
[Source "lmi"]
[SourceDate "2017.01.09"]

1. d4 Nf6 2. g3 g6 3. Bg2 Bg7 4. e4 d6 5. Ne2 Nbd7 6. O-O O-O 7. b3 e5 8. Bb2
Re8 9. f3 c6 10. c4 a6 11. Nbc3 Rb8 12. Rc1 b5 13. dxe5 Nxe5 14. cxb5 axb5 15.
Qd2 b4 16. Na4 c5 17. Rfd1 Bf8 18. Bxe5 Rxe5 19. Nxc5 Qb6 20. Qd4 Rxc5 21. Rxc5
dxc5 22. Qe5 Ba6 23. Nf4 Re8 24. Qa1 c4+ 25. Kh1 c3 26. Nd5 Nxd5 27. Rxd5 Qf2
28. Qc1 Qb2 29. Qxb2 cxb2 30. Rd1 Rd8 31. Rb1 Rd2 32. h4 Rc2 33. Kh2 Bg7 34.
Kh3 Rc1 0-1

[Event "Madrid-ch Veteranos 2016/2017"]
[Site "Madrid ESP"]
[Date "2017.01.16"]
[Round "6.24"]
[White "Perales Hernandez, Manuel"]
[Black "Calderon Martin, Antonio"]
[Result "0-1"]
[WhiteElo "1306"]
[BlackElo "1699"]
[PlyCount "100"]
[EventDate "2017.01.09"]
[EventType "swiss"]
[EventRounds "9"]
[EventCountry "ESP"]
[SourceTitle "Ajedrez en Madrid"]
[Source "lmi"]
[SourceDate "2017.01.09"]

1. e4 e5 2. Qh5 Nc6 3. Bc4 g6 4. Qf3 Nf6 5. Ne2 Bg7 6. d3 d6 7. h3 O-O 8. Bd2
a6 9. a4 a5 10. Nbc3 Nb4 11. O-O-O Be6 12. Bxe6 fxe6 13. g4 d5 14. d4 Nxe4 15.
Bf4 exf4 16. Nxe4 dxe4 17. Qxe4 Qd5 18. Nc3 Qxe4 19. Nxe4 b6 20. Ng5 Rfe8 21.
Rhe1 e5 22. d5 Rad8 23. Ne6 Rxd5 24. Nxf4 Rxd1+ 25. Kxd1 Rd8+ 26. Nd3 Nxd3 27.
cxd3 Rxd3+ 28. Kc2 Rf3 29. Re2 Kf7 30. h4 Ke6 31. Kd1 Bf8 32. Ke1 Bc5 33. Kf1
Rxf2+ 34. Rxf2 Bxf2 35. Kxf2 Kd5 36. Ke3 c6 37. b3 b5 38. Kd3 bxa4 39. bxa4 c5
40. Ke3 c4 41. g5 e4 42. Kf4 Kd4 43. Kg4 c3 44. h5 c2 45. hxg6 hxg6 46. Kg3
c1=Q 47. Kg4 Ke3 48. Kg3 Qg1+ 49. Kh4 Kf3 50. Kh3 Qg3# 0-1

[Event "Madrid-ch Veteranos 2016/2017"]
[Site "Madrid ESP"]
[Date "2017.01.16"]
[Round "6.25"]
[White "De Juan Rivas, Antonio"]
[Black "Infante Martin, Alonso"]
[Result "1-0"]
[WhiteElo "1682"]
[BlackElo "1396"]
[PlyCount "63"]
[EventDate "2017.01.09"]
[EventType "swiss"]
[EventRounds "9"]
[EventCountry "ESP"]
[SourceTitle "Ajedrez en Madrid"]
[Source "lmi"]
[SourceDate "2017.01.09"]

1. b3 d6 2. Bb2 e5 3. e3 Nf6 4. Bc4 Nc6 5. Ne2 Na5 6. Ng3 Nxc4 7. bxc4 b6 8. d3
c5 9. Nc3 Bb7 10. e4 g6 11. O-O h5 12. h3 Bc8 13. f4 exf4 14. Rxf4 Bh6 15. Rf3
Be6 16. Nd5 Nxd5 17. Bxh8 Nf4 18. Ne2 Nxh3+ 19. gxh3 Qg5+ 20. Kf2 Qh4+ 21. Kg2
g5 22. Qe1 Qxe1 23. Rxe1 g4 24. hxg4 Bxg4 25. Rf6 Ke7 26. Rxh6 Rg8 27. Ng3 a6
28. Rf1 b5 29. Bf6+ Ke8 30. Bh4 bxc4 31. Rxd6 Kf8 32. Bf6 1-0

[Event "Madrid-ch Veteranos 2016/2017"]
[Site "Madrid ESP"]
[Date "2017.01.16"]
[Round "6.26"]
[White "Salgado Duarte, Pablo"]
[Black "Martinez Martinez, Javier Ii"]
[Result "1/2-1/2"]
[WhiteElo "1574"]
[BlackElo "1711"]
[PlyCount "131"]
[EventDate "2017.01.09"]
[EventType "swiss"]
[EventRounds "9"]
[EventCountry "ESP"]
[SourceTitle "Ajedrez en Madrid"]
[Source "lmi"]
[SourceDate "2017.01.09"]

1. d4 e6 2. c4 Nf6 3. Nc3 d5 4. Bg5 Be7 5. e3 c5 6. Nf3 cxd4 7. Nxd4 O-O 8.
cxd5 Nxd5 9. Bxe7 Nxe7 10. Bd3 Nd7 11. Qc2 Nf6 12. O-O Bd7 13. Ne4 Ng6 14. Rfd1
a6 15. Nf3 Nd5 16. a3 Rc8 17. Qb3 Qc7 18. Rd2 Qb6 19. Qxb6 Nxb6 20. Nd6 Rc7 21.
Be4 Bc8 22. Rad1 Bd7 23. Bxb7 Ba4 24. Re1 Rd8 25. Be4 f5 26. Bb1 Rcd7 27. b3
Bc6 28. Red1 Bxf3 29. gxf3 Ne5 30. Kg2 Nf7 31. Nc4 Rxd2 32. Rxd2 Nxc4 33. Rxd8+
Nxd8 34. bxc4 Nc6 35. Ba2 Kf7 36. f4 Ke7 37. Kf3 Kd6 38. Ke2 Kc5 39. Kd3 e5 40.
f3 exf4 41. exf4 Nd4 42. h3 Nxf3 43. Ke3 Nd4 44. Kd3 h6 45. a4 a5 46. Bb1 Ne6
47. Ke3 g6 48. Ba2 Nd8 49. Kd3 Nb7 50. Kc3 Nd6 51. Kd3 Ne4 52. Ke3 Nc3 53. Bb3
Kb4 54. Bc2 Nxa4 55. Bxa4 Kxa4 56. Kd4 Kb4 57. Kd5 a4 58. c5 a3 59. c6 a2 60.
c7 a1=Q 61. c8=Q Qd1+ 62. Ke6 Qb3+ 63. Kf6 Qxh3 64. Qb7+ Kc5 65. Qc7+ Kb5 66.
Qb7+ 1/2-1/2

[Event "Madrid-ch Veteranos 2016/2017"]
[Site "Madrid ESP"]
[Date "2017.01.16"]
[Round "6.27"]
[White "Martinez Pintor, Juan"]
[Black "Martin Rodriguez, Jose Luis"]
[Result "1-0"]
[WhiteElo "1664"]
[BlackElo "1327"]
[PlyCount "49"]
[EventDate "2017.01.09"]
[EventType "swiss"]
[EventRounds "9"]
[EventCountry "ESP"]
[SourceTitle "Ajedrez en Madrid"]
[Source "lmi"]
[SourceDate "2017.01.09"]

1. d4 Nf6 2. c4 e6 3. Nc3 Bb4 4. e3 O-O 5. Nge2 Ne4 6. Qc2 Nxc3 7. Nxc3 b6 8.
Bd3 Qh4 9. Be4 c6 10. a3 Bxc3+ 11. bxc3 Bb7 12. a4 Na6 13. Ba3 Rfe8 14. Bd6 h6
15. O-O Rac8 16. a5 Qd8 17. axb6 axb6 18. Rfb1 Ra8 19. Qb2 Nb8 20. Rxa8 Bxa8
21. Qxb6 e5 22. Qxd8 Rxd8 23. Rxb8 Rxb8 24. Bxb8 Kf8 25. Bxe5 1-0

[Event "Madrid-ch Veteranos 2016/2017"]
[Site "Madrid ESP"]
[Date "2017.01.16"]
[Round "6.29"]
[White "Villodre Miranda, Juan Alonso"]
[Black "Benitez Cadenas, Luis Miguel"]
[Result "1/2-1/2"]
[WhiteElo "1652"]
[BlackElo "1595"]
[PlyCount "101"]
[EventDate "2017.01.09"]
[EventType "swiss"]
[EventRounds "9"]
[EventCountry "ESP"]
[SourceTitle "Ajedrez en Madrid"]
[Source "lmi"]
[SourceDate "2017.01.09"]

1. c4 c6 2. Nc3 d5 3. cxd5 cxd5 4. d4 Nf6 5. e3 Bf5 6. Qb3 b6 7. Bb5+ Bd7 8.
Nxd5 e6 9. Nxf6+ Qxf6 10. Bxd7+ Nxd7 11. Nf3 Bd6 12. Bd2 Qg6 13. O-O O-O 14.
Bb4 Bxb4 15. Qxb4 Rfc8 16. Rac1 Rc2 17. Rxc2 Qxc2 18. Qc3 Qa4 19. a3 Nf6 20.
Rc1 h6 21. Qc6 Qxc6 22. Rxc6 Nd5 23. Kf1 Kf8 24. Ke2 Ke7 25. g3 Rd8 26. h3 Rd6
27. Rc2 b5 28. e4 Nb6 29. b3 f6 30. Ke3 Nd7 31. Rc7 Ra6 32. e5 Rxa3 33. exf6+
gxf6 34. Rc3 b4 35. Rd3 Nb6 36. Nd2 Nd5+ 37. Kf3 h5 38. g4 hxg4+ 39. Kxg4 a5
40. h4 a4 41. h5 axb3 42. Nxb3 Ra8 43. Rh3 Rg8+ 44. Kf3 Kf7 45. Ke4 Rg4+ 46.
Kf3 Rf4+ 47. Kg3 Kg8 48. Rh1 Rf5 49. Nc5 Rg5+ 50. Kf3 Rf5+ 51. Ke2 1/2-1/2

[Event "Madrid-ch Veteranos 2016/2017"]
[Site "Madrid ESP"]
[Date "2017.01.16"]
[Round "6.30"]
[White "Martinez Carrasco, Jesus"]
[Black "Rufo Yebra, Benito"]
[Result "1-0"]
[WhiteElo "1636"]
[BlackElo "1352"]
[PlyCount "105"]
[EventDate "2017.01.09"]
[EventType "swiss"]
[EventRounds "9"]
[EventCountry "ESP"]
[SourceTitle "Ajedrez en Madrid"]
[Source "lmi"]
[SourceDate "2017.01.09"]

1. d4 d5 2. c4 Bf5 3. e3 e6 4. Nf3 Nc6 5. a3 Nf6 6. Nc3 a6 7. Bd3 dxc4 8. Bxc4
Nd5 9. O-O Nxc3 10. bxc3 Be4 11. Nd2 Bg6 12. e4 b5 13. Ba2 Be7 14. d5 exd5 15.
Bxd5 Qd6 16. Nf3 Rd8 17. g3 Ne5 18. Bf4 Nxf3+ 19. Qxf3 Qb6 20. h4 h5 21. Be5 f6
22. Bd4 c5 23. Be3 Bf7 24. Rfd1 Bxd5 25. exd5 Qb7 26. Ra2 Bd6 27. Re2 Kf7 28.
Bc1 Qc7 29. Re6 Rde8 30. Rxe8 Kxe8 31. Re1+ Kd8 32. Qf5 Qd7 33. Qf3 Kc7 34. Re6
Re8 35. Qe2 Rxe6 36. dxe6 Qe8 37. Qe4 Kb6 38. f4 c4 39. f5 Bxa3 40. Bxa3 Qb8
41. Kg2 Ka5 42. e7 Qe8 43. Qd5 Ka4 44. Qc5 a5 45. Kf2 Qd7 46. Qd6 Qxf5+ 47. Ke3
Qf1 48. Ke4 Qe2+ 49. Kd5 f5 50. Kc6 Qe4+ 51. Kc7 Kb3 52. Kd7 Qb7+ 53. Ke8 1-0

[Event "Madrid-ch Veteranos 2016/2017"]
[Site "Madrid ESP"]
[Date "2017.01.16"]
[Round "6.31"]
[White "Ballesteros Jimenez, Miguel Angel"]
[Black "Perez Ramos, Miguel Angel"]
[Result "1-0"]
[WhiteElo "1585"]
[BlackElo "1188"]
[PlyCount "85"]
[EventDate "2017.01.09"]
[EventType "swiss"]
[EventRounds "9"]
[EventCountry "ESP"]
[SourceTitle "Ajedrez en Madrid"]
[Source "lmi"]
[SourceDate "2017.01.09"]

1. e4 e5 2. Nf3 d6 3. d4 Nf6 4. Bg5 Be7 5. Nc3 c6 6. dxe5 dxe5 7. Qxd8+ Bxd8 8.
Nxe5 O-O 9. Bc4 b5 10. Bd3 Be6 11. O-O a6 12. Rfe1 Nbd7 13. Nxc6 Bb6 14. Be3
Bxe3 15. Rxe3 Kh8 16. h3 Rae8 17. Nd4 Ne5 18. Nxe6 fxe6 19. Rd1 Nh5 20. Be2 Nf4
21. Kh2 g5 22. g3 Nxe2 23. Rxe2 Rd8 24. Kg2 Rxd1 25. Nxd1 b4 26. Rd2 g4 27. h4
Nf3 28. Rd6 Ne1+ 29. Kf1 Nxc2 30. Rxe6 Nd4 31. Rxa6 Rd8 32. Ne3 b3 33. axb3
Nxb3 34. Nxg4 Nd2+ 35. Kg2 Nxe4 36. Rb6 Rd2 37. b4 Rb2 38. b5 Nc3 39. Rb8+ Kg7
40. b6 Kg6 41. b7 Kf5 42. Ne3+ Ke4 43. Re8+ 1-0

[Event "Madrid-ch Veteranos 2016/2017"]
[Site "Madrid ESP"]
[Date "2017.01.16"]
[Round "6.32"]
[White "Cortijo Manso, Luis"]
[Black "Sierra Garcia, Ricardo"]
[Result "1-0"]
[WhiteElo "1489"]
[BlackElo "1454"]
[PlyCount "72"]
[EventDate "2017.01.09"]
[EventType "swiss"]
[EventRounds "9"]
[EventCountry "ESP"]
[SourceTitle "Ajedrez en Madrid"]
[Source "lmi"]
[SourceDate "2017.01.09"]

1. Nf3 Nf6 2. c4 g6 3. Nc3 Bg7 4. g3 O-O 5. Bg2 d6 6. O-O e5 7. e4 Nc6 8. d4
Bg4 9. h3 Nxd4 10. hxg4 Nxg4 11. Nxd4 exd4 12. Nb5 Ne5 13. Nxd4 c5 14. Nb5 Nxc4
15. Rb1 a6 16. Nc3 b5 17. Nd5 Ne5 18. b4 Nc6 19. bxc5 dxc5 20. Qc2 Bd4 21. Bh6
Re8 22. Be3 c4 23. Bxd4 Nxd4 24. Qb2 c3 25. Nxc3 Qf6 26. Nd5 Qe5 27. f4 Qg7 28.
e5 Ne6 29. Nf6+ Kh8 30. Nxe8 Rxe8 31. Rbd1 Qf8 32. Bh3 Qc5+ 33. Qf2 Qe7 34.
Bxe6 Qxe6 35. Rd6 Qc8 36. Rfd1 Re6 1-0

[Event "Madrid-ch Veteranos 2016/2017"]
[Site "Madrid ESP"]
[Date "2017.01.17"]
[Round "7.1"]
[White "Elissalt Cardenas, Hector"]
[Black "Gonzalez Mateos, Rafael"]
[Result "1/2-1/2"]
[WhiteElo "2379"]
[BlackElo "1955"]
[PlyCount "109"]
[EventDate "2017.01.09"]
[EventType "swiss"]
[EventRounds "9"]
[EventCountry "ESP"]
[SourceTitle "Ajedrez en Madrid"]
[Source "lmi"]
[SourceDate "2017.01.09"]

1. d4 Nf6 2. c4 e6 3. Nf3 b6 4. g3 Bb4+ 5. Bd2 Qe7 6. a3 Bxd2+ 7. Nbxd2 Bb7 8.
Qc2 d6 9. Bg2 O-O 10. O-O Nbd7 11. e4 e5 12. d5 a5 13. b4 axb4 14. axb4 Rfc8
15. Bh3 c6 16. dxc6 Bxc6 17. Qd3 Rcb8 18. Nh4 g6 19. Ng2 Rxa1 20. Rxa1 b5 21.
Ne3 bxc4 22. Qxc4 Bb5 23. Qc7 Qf8 24. Rc1 Nb6 25. Qc3 Qe7 26. Bg2 Rc8 27. Qb2
Rxc1+ 28. Qxc1 Qb7 29. Qc3 Qc6 30. Qxc6 Bxc6 31. Nec4 Nc8 32. Bh3 Bd7 33. Bxd7
Nxd7 34. Nb1 f5 35. f3 Kf7 36. Nc3 Ndb6 37. Ne3 Ne7 38. g4 Ke6 39. Kf2 f4 40.
Nc2 d5 41. exd5+ Nexd5 42. Ne4 h6 43. Ke2 Nc4 44. h4 Nf6 45. Nxf6 Kxf6 46. Kd3
Nd6 47. Na3 e4+ 48. fxe4 Ke5 49. b5 Nxe4 50. Nc4+ Kd5 51. Nb6+ Ke5 52. Nd7+ Kd5
53. Nb6+ Ke5 54. Nd7+ Kd5 55. Nb6+ 1/2-1/2

[Event "Madrid-ch Veteranos 2016/2017"]
[Site "Madrid ESP"]
[Date "2017.01.17"]
[Round "7.2"]
[White "Serrano Baylin, Francisco"]
[Black "Nunez Munoz, Jesus"]
[Result "0-1"]
[WhiteElo "1962"]
[BlackElo "2186"]
[PlyCount "104"]
[EventDate "2017.01.09"]
[EventType "swiss"]
[EventRounds "9"]
[EventCountry "ESP"]
[SourceTitle "Ajedrez en Madrid"]
[Source "lmi"]
[SourceDate "2017.01.09"]

1. c4 c5 2. g3 Nc6 3. Bg2 g6 4. Nc3 Bg7 5. a3 e5 6. d4 exd4 7. Ne4 d6 8. e3 Nf6
9. Ne2 O-O 10. O-O Nxe4 11. Bxe4 Bg4 12. Qc2 Re8 13. f3 Be6 14. Nf4 Qd7 15.
Nxe6 fxe6 16. Rb1 Rad8 17. b4 b6 18. Qa4 d5 19. b5 Ne5 20. cxd5 exd5 21. exd4
cxd4 22. Qb3 Kh8 23. Bd3 Rc8 24. Bd2 Nc4 25. Qa2 Ne3 26. Rf2 Rc7 27. a4 Nc4 28.
Bf4 Be5 29. Bd2 Rcc8 30. Re1 Bg7 31. Bb4 Re3 32. Qb1 Rce8 33. Rfe2 Qf7 34. f4
Qd7 35. Qc2 Rc8 36. Qb1 Qg4 37. Bd2 Nxd2 38. Rxd2 Rce8 39. Rf1 Bh6 40. Kg2 Qd7
41. Qd1 Bf8 42. Rc2 Bc5 43. Rd2 Bb4 44. Rc2 Bc3 45. Re2 Qe7 46. Rff2 Qb4 47.
Rxe3 dxe3 48. Re2 Bd2 49. Qc2 Qc5 50. Qb1 Rc8 51. h4 Qd4 52. h5 Rc1 0-1

[Event "Madrid-ch Veteranos 2016/2017"]
[Site "Madrid ESP"]
[Date "2017.01.17"]
[Round "7.3"]
[White "Casares Ripoll, Fernando"]
[Black "Marcos Herrero, Francisco"]
[Result "1-0"]
[WhiteElo "2124"]
[BlackElo "1918"]
[PlyCount "77"]
[EventDate "2017.01.09"]
[EventType "swiss"]
[EventRounds "9"]
[EventCountry "ESP"]
[SourceTitle "Ajedrez en Madrid"]
[Source "lmi"]
[SourceDate "2017.01.09"]

1. d4 Nf6 2. Nf3 c5 3. Nc3 cxd4 4. Nxd4 g6 5. e4 d6 6. f4 Nc6 7. Nxc6 bxc6 8.
e5 dxe5 9. Qxd8+ Kxd8 10. fxe5 Nd5 11. Bc4 Nxc3 12. bxc3 Bg7 13. Bf4 Be6 14.
Bb3 Kc7 15. O-O-O h5 16. Rd3 Rad8 17. Rhd1 Rxd3 18. cxd3 Kd7 19. d4 Bd5 20. g3
e6 21. Bg5 Rb8 22. c4 Be4 23. Kd2 Bf8 24. Ke3 Bf5 25. Kf2 a5 26. d5 Bc5+ 27.
Be3 Bxe3+ 28. Kxe3 exd5 29. cxd5 Kc7 30. d6+ Kd7 31. Bxf7 Rf8 32. Bc4 Re8 33.
Kf4 Rf8 34. Kg5 Re8 35. Re1 a4 36. Bf7 Rb8 37. Bxg6 Be6 38. Re4 Ra8 39. Rb4 1-0

[Event "Madrid-ch Veteranos 2016/2017"]
[Site "Madrid ESP"]
[Date "2017.01.17"]
[Round "7.4"]
[White "Campos Calvo-Sotelo, Juan"]
[Black "Lopez De Turiso, Jose Angel"]
[Result "0-1"]
[WhiteElo "1896"]
[BlackElo "2019"]
[PlyCount "90"]
[EventDate "2017.01.09"]
[EventType "swiss"]
[EventRounds "9"]
[EventCountry "ESP"]
[SourceTitle "Ajedrez en Madrid"]
[Source "lmi"]
[SourceDate "2017.01.09"]

1. b4 c6 2. c4 d5 3. cxd5 cxd5 4. e3 Nf6 5. Nf3 Bg4 6. Qb3 Bxf3 7. gxf3 g6 8.
Bb2 Bg7 9. Nc3 O-O 10. h4 e6 11. Rc1 Nc6 12. d4 Rc8 13. Be2 h5 14. a4 Qb6 15.
Ba3 Na5 16. Qb2 Nc4 17. Bxc4 Rxc4 18. a5 Qc7 19. b5 Rc8 20. b6 axb6 21. axb6
Qc6 22. Kd2 Nd7 23. Nb5 Rxc1 24. Rxc1 Qxc1+ 25. Qxc1 Rxc1 26. Kxc1 Nxb6 27. Be7
Nc8 28. Bd8 Kf8 29. Kd2 Ke8 30. Bg5 Kd7 31. Kc3 Bf8 32. Kd3 Bb4 33. e4 Kc6 34.
Nc3 Bxc3 35. Kxc3 Kb5 36. Kb3 Nd6 37. Be7 Nc4 38. Bg5 Na5+ 39. Kc3 Ka4 40. Be7
b5 41. Bc5 Nc6 42. Kb2 b4 43. e5 Kb5 44. Kb3 Na5+ 45. Kc2 Kc4 0-1

[Event "Madrid-ch Veteranos 2016/2017"]
[Site "Madrid ESP"]
[Date "2017.01.17"]
[Round "7.5"]
[White "Sotoca Aguado, Jose"]
[Black "Sanchez Garcia, Aurelio"]
[Result "0-1"]
[WhiteElo "1924"]
[BlackElo "2131"]
[PlyCount "102"]
[EventDate "2017.01.09"]
[EventType "swiss"]
[EventRounds "9"]
[EventCountry "ESP"]
[SourceTitle "Ajedrez en Madrid"]
[Source "lmi"]
[SourceDate "2017.01.09"]

1. e4 e6 2. d4 d5 3. Nc3 Nc6 4. e5 f6 5. Nf3 Qe7 6. Bb5 Bd7 7. Bxc6 Bxc6 8. O-O
O-O-O 9. Re1 Qf7 10. Qe2 Re8 11. a3 h6 12. b4 g5 13. exf6 Bd6 14. Ne5 Qxf6 15.
Nxc6 bxc6 16. Qa6+ Kd7 17. b5 Ne7 18. Be3 Rhf8 19. bxc6+ Nxc6 20. Qd3 Qf5 21.
Qxf5 Rxf5 22. Nb5 Na5 23. Nxd6 Kxd6 24. f3 Nc4 25. Bf2 Rb8 26. Re2 Kd7 27. h4
Rg8 28. Kh2 g4 29. fxg4 Rxg4 30. a4 Nd6 31. Kh3 h5 32. Rb1 Ne4 33. Be1 Rf1 34.
g3 Nc3 35. Kg2 Nxe2 36. Kxf1 Nxd4 37. c3 Nf5 38. a5 Nxg3+ 39. Kf2 Ne4+ 40. Ke2
Nd6 41. Rb8 Ra4 42. Rh8 Rxa5 43. Rxh5 Nf5 44. Rh7+ Kd6 45. h5 Ra2+ 46. Kf3 Rh2
47. Bf2 a5 48. Rh8 a4 49. Ra8 Rxh5 50. Rxa4 Rh3+ 51. Ke2 Rxc3 0-1

[Event "Madrid-ch Veteranos 2016/2017"]
[Site "Madrid ESP"]
[Date "2017.01.17"]
[Round "7.7"]
[White "Cabanas Bravo, Juan Andres"]
[Black "Losada Gonzalez, Andres"]
[Result "1/2-1/2"]
[WhiteElo "2008"]
[BlackElo "1772"]
[PlyCount "84"]
[EventDate "2017.01.09"]
[EventType "swiss"]
[EventRounds "9"]
[EventCountry "ESP"]
[SourceTitle "Ajedrez en Madrid"]
[Source "lmi"]
[SourceDate "2017.01.09"]

1. e4 c5 2. Nf3 d6 3. d4 cxd4 4. Nxd4 Nf6 5. Nc3 a6 6. Bg5 e6 7. f4 Be7 8. Qf3
Qc7 9. f5 Nc6 10. O-O-O Ne5 11. Qh3 exf5 12. Nxf5 Bxf5 13. Qxf5 Qd7 14. Bxf6
Qxf5 15. exf5 Bxf6 16. Rxd6 O-O 17. Be2 Rfd8 18. Rhd1 Bg5+ 19. Kb1 Rxd6 20.
Rxd6 Rd8 21. Ne4 Kf8 22. Rxd8+ Bxd8 23. Nc5 b6 24. Nxa6 Ke7 25. b4 Kf6 26. c4
Kxf5 27. c5 Ke4 28. Bf3+ Nxf3 29. gxf3+ Kd5 30. Kb2 g5 31. Kb3 f5 32. a4 bxc5
33. Nxc5 g4 34. fxg4 fxg4 35. Nd7 h5 36. a5 Kc6 37. a6 Bb6 38. Nf6 Bg1 39. Nxh5
Bxh2 40. b5+ Kb6 41. Kc4 Bb8 42. Kb4 g3 1/2-1/2